Английский язык в сфере финансов и банковского дела (Запись № 12881851)

Подробности
000 -МАРКЕР
контрольное поле 03447nam0a2200433 4500
001 - ИДЕНТИФИКАТОР ЗАПИСИ
контрольное поле RU\NLR\BIBL_A\012702130
005 - ИДЕНТИФИКАТОР ВЕРСИИ
контрольное поле 20220405174545.0
010 ## - МЕЖДУНАРОДНЫЙ СТАНДАРТНЫЙ НОМЕР КНИГИ (ISBN)
Номер (ISBN) 978-5-00148-216-1
Тираж 100
021 ## - НОМЕР ГОСУДАРСТВЕННОЙ РЕГИСТРАЦИИ
Код страны Российская Федерация
Номер КН-П-21-070477
Номер Листа государственной регистраци КН-П-21-5583
021 ## - НОМЕР ГОСУДАРСТВЕННОЙ РЕГИСТРАЦИИ
Код страны Российская Федерация
Номер КН-П-21-070477
Номер Листа государственной регистраци КН-П-21-5590
035 ## - ДРУГИЕ СИСТЕМНЫЕ НОМЕРА
Идентификатор записи (NLR Aleph) 012702130
035 ## - ДРУГИЕ СИСТЕМНЫЕ НОМЕРА
Идентификатор записи (RuMoRGB)010832950
100 ## - ДАННЫЕ ОБЩЕЙ ОБРАБОТКИ
Данные общей обработки 20220207d2021 u y0rusy50 ca
101 0# - ЯЗЫК РЕСУРСА
Язык текста, звукозаписи и т.д. русский
-- английский
102 ## - СТРАНА ПУБЛИКАЦИИ ИЛИ ПРОИЗВОДСТВА
Страна публикации Российская Федерация
105 ## - ПОЛЕ КОДИРОВАННЫХ ДАННЫХ: ТЕКСТОВЫЕ МАТЕРИАЛЫ, МОНОГРАФИЧЕСКИЕ
Кодированные данные о монографическом текстовом документе a j 000zy
181 #0 - ПОЛЕ КОДИРОВАННЫХ ДАННЫХ: ВИД СОДЕРЖАНИЯ
Код вида содержания (ISBD) i3
Код характеристики содержания (ISBD) axxe
182 #1 - ПОЛЕ КОДИРОВАННЫХ ДАННЫХ: ТИП СРЕДСТВА
Код типа средства (ISBD) n - непосредственное
200 1# - ЗАГЛАВИЕ И СВЕДЕНИЯ ОБ ОТВЕТСТВЕННОСТИ
Основное заглавие Английский язык в сфере финансов и банковского дела
Параллельное заглавие English for banking and finance
Сведения, относящиеся к заглавию учебное пособие
-- для обучения профессиональному английскому языку бакалавров и магистров
Первые сведения об ответственности Е. Н. Матвиенко, Е. П. Кобелева, А. С. Комкова
Последующие сведения об ответственности Сибирский государственный университет путей сообщения
Язык параллельного заглавия английский
203 ## - ВИД СОДЕРЖАНИЯ И ТИП СРЕДСТВА
Вид содержания Текст
Дополнительные сведения об издании визуальный
Тип средства непосредственный
210 ## - ПУБЛИКАЦИЯ, РАСПРОСТРАНЕНИЕ И ДР.
Место издания, распространения и т.д. Новосибирск
Имя издателя, распространителя и т. д. Изд-во Сибирского государственного университета путей сообщения
Дата издания, распространения и т.д. 2021
215 ## - ФИЗИЧЕСКАЯ ХАРАКТЕРИСТИКА
Специфическое обозначение материала и объем 136 с.
Другие сведения о физической характеристике ил., табл.
Размеры 30
320 ## - ПРИМЕЧАНИЯ О НАЛИЧИИ В ДОКУМЕНТЕ БИБЛИОГРАФИИ / УКАЗАТЕЛЯ
Текст примечания Библиогр.: с. 107
330 ## - РЕЗЮМЕ ИЛИ РЕФЕРАТ
Текст примечания Учебное пособие способствует формированию профессиональных языковых компетенций будущих специалистов в сфере финансов и банковского дела. Направлено на развитие навыков работы с профессиональной литературой на английском языке, отработку профессиональной экономической и финансовой терминологии, закрепление навыков передачи содержания профессионально-ориентированных текстов с русского языка на английский. Содержит семь тематических разделов, материалы для организации самостоятельной работы, тестовые задания, глоссарий. Предназначено для обучения профессиональному английскому языку бакалавров и магистрантов
510 1# - ПАРАЛЛЕЛЬНОЕ ЗАГЛАВИЕ
Связь между полями z33790
Параллельное заглавие English for banking and finance
Язык заглавия английский
606 1# - НАИМЕНОВАНИЕ ТЕМЫ КАК ПРЕДМЕТ
Наименование темы Английский язык
Тематический подзаголовок Учебные издания для финансистов
Код системы nlr_sh2
Идентификатор авторитетной/нормативной записи RU\NLR\AUTH\661433044
610 0# - НЕКОНТРОЛИРУЕМЫЕ ПРЕДМЕТНЫЕ ТЕРМИНЫ
Предметный термин английский для специалистов в сфере финансов
675 ## - УНИВЕРСАЛЬНАЯ ДЕСЯТИЧНАЯ КЛАССИФИКАЦИЯ (UDC/УДК)
Индекс 811.111(075.8)
Издание 4
686 1# - ИНДЕКСЫ ДРУГИХ КЛАССИФИКАЦИЙ
Индекс Ш143.21-93рус329.3
700 #1 - ИМЯ ЛИЦА - ПЕРВИЧНАЯ ОТВЕТСТВЕННОСТЬ
Начальный элемент ввода Матвиенко
Часть имени, кроме начального элемента ввода Е. Н.
Расширение инициалов личного имени Елена Николаевна
Идентификатор авторитетной/нормативной записи RU\NLR\AUTH\7793423
701 #1 - ИМЯ ЛИЦА - АЛЬТЕРНАТИВНАЯ ОТВЕТСТВЕННОСТЬ
Начальный элемент ввода Кобелева
Часть имени, кроме начального элемента ввода Е. П.
Расширение инициалов личного имени Елена Павловна
701 #1 - ИМЯ ЛИЦА - АЛЬТЕРНАТИВНАЯ ОТВЕТСТВЕННОСТЬ
Начальный элемент ввода Комкова
Часть имени, кроме начального элемента ввода А. С.
Расширение инициалов личного имени Анастасия Сергеевна
790 #1 - ИМЯ ЛИЦА - АЛЬТЕРНАТИВНАЯ ФОРМА
Связь между полями z33510
Начальный элемент ввода Matvienko
Часть имени, кроме начального элемента ввода E. N.
Расширение инициалов личного имени Elena Nikolaevna [et al]
Идентификатор авторитетной/нормативной записи RU\NLR\AUTH\7793424
942 ## - ДОПОЛНИТЕЛЬНЫЕ ЭЛЕМЕНТЫ ЗАПИСИ (АБИС)
Тип экземпляра АБИС Книга
980 ## - КОЛЛЕКЦИЯ
Название коллекции Национальная библиография
Экземпляры
Тип экземпляра Дата поступления Источник поступления Библиотека постоянного хранения Библиотека текущего хранения Место хранения Шифр хранения Штрих-код Статус экземпляра
Книга 07.02.2022 Обязательный экземпляр РНБ (Московский) РНБ (Московский) Русский книжный фонд: издания с 1957 года 2022-8/425 1-3654175  
Книга 15.02.2022 Обязательный экземпляр РНБ (Московский) РНБ (Московский) Русский книжный фонд: издания с 1957 года 2022-8/425 1-3683339